| Tag |
First Indicator |
Second Indicator |
Subfields |
| LEADER |
00000cam a2200000Ia 4500 |
| 001 |
in00002839021 |
| 005 |
20151203084348.0 |
| 008 |
121008s2013 nyua 6 000 1 eng d |
| 015 |
|
|
|a GBB2A4978
|2 bnb
|
| 016 |
7 |
|
|a 016191316
|2 Uk
|
| 019 |
|
|
|a 781683318
|
| 020 |
|
|
|a 9781401236939 (hbk.)
|
| 020 |
|
|
|a 1401236936 (hbk.)
|
| 035 |
|
|
|a (OCoLC)ocn813858745
|
| 035 |
|
|
|a (OCoLC)813858745
|z (OCoLC)781683318
|
| 040 |
|
|
|a UKMGB
|b eng
|c UKMGB
|d BTCTA
|d BDX
|d YDXCP
|d TXA
|d UtOrBLW
|
| 049 |
|
|
|a TXAM
|
| 050 |
|
4 |
|a PN6728.T373
|b J643 2013
|
| 082 |
0 |
4 |
|a 741.5973
|2 23
|
| 100 |
1 |
|
|a Johns, Geoff,
|d 1973-
|
| 245 |
1 |
0 |
|a Teen Titans :
|b by Geoff Johns omnibus /
|c Geoff Johns, writer & story ; Adam Beechen [and others], co-writers ; Mike McKone [and others], pencillers.
|
| 264 |
|
1 |
|a New York :
|b DC Comics ;
|c 2013.
|
| 264 |
|
2 |
|a London :
|b Diamond [distributor],
|
| 300 |
|
|
|a 1426 pages :
|b color illustrations ;
|c 29 cm.
|
| 336 |
|
|
|a text
|b txt
|2 rdacontent
|
| 337 |
|
|
|a unmediated
|b n
|2 rdamedia
|
| 338 |
|
|
|a volume
|b nc
|2 rdacarrier
|
| 500 |
|
|
|a Collects issues originally published in single magazine form.
|
| 505 |
0 |
|
|a Beast Boy (2000) #1-4 -- Infinite Crisis (2005) #5-6 -- Legends of the DC Universe (1998) #2 -- Outsiders (2003) #24-25 -- Robin (1993) #147 -- Teen Titans (2003) Annual 01 -- Teen Titans (2003) #1-26, 29-50 -- Teen Titans/Legion special (2004) #1 -- Teen Titans/Outsiders secret files 2003 #1 -- Titans secret files (1999) #2.
|
| 650 |
|
0 |
|a Teen Titans (Fictitious characters)
|v Comic books, strips, etc.
|
| 650 |
|
0 |
|a Superheroes
|v Comic books, strips, etc.
|
| 700 |
1 |
|
|a Beechen, Adam.
|
| 700 |
1 |
|
|a McKone, Mike.
|
| 994 |
|
|
|a C0
|b TXA
|
| 948 |
|
|
|a cataloged
|b h
|c 2013/3/19
|d c
|e nbehmer
|f 10:24:01 am
|
| 999 |
|
|
|a MARS
|
| 999 |
f |
f |
|s 08303555-67eb-3742-b5b6-7d1801c7eef0
|i e2383633-c2ec-3bc3-9e0b-766bfe958f20
|t 0
|
| 952 |
f |
f |
|p normal
|a Texas A&M University
|b College Station
|c Sterling C. Evans Library
|d Evans: Library Stacks
|t 0
|e PN6728.T373 J643 2013
|h Library of Congress classification
|i unmediated -- volume
|m A14841806152
|
| 998 |
f |
f |
|a PN6728.T373 J643 2013
|t 0
|l Evans: Library Stacks
|